Briefcase on land law (Record no. 103022)

MARC details
000 -LEADER
fixed length control field 01346cam a22003255a 4500
001 - CONTROL NUMBER
control field L123300
008 - FIXED-LENGTH DATA ELEMENTS--GENERAL INFORMATION
fixed length control field s2003 xxk f 000 0 eng u
020 ## - INTERNATIONAL STANDARD BOOK NUMBER
International Standard Book Number 1859417655
-- 9781843145806
035 ## - SYSTEM CONTROL NUMBER
System control number (Sirsi) u123300
041 ## - LANGUAGE CODE
Language code of text/sound track or separate title eng
050 ## - LIBRARY OF CONGRESS CALL NUMBER
Classification number 346.41043
-- 18
050 ## - LIBRARY OF CONGRESS CALL NUMBER
Classification number 346.42043
-- 21
100 ## - MAIN ENTRY--PERSONAL NAME
Personal name Royle, Richard
245 00 - TITLE STATEMENT
Title Briefcase on land law
Medium [electronic resource]
250 ## - EDITION STATEMENT
Edition statement 4th ed.
260 ## - PUBLICATION, DISTRIBUTION, ETC.
Place of publication, distribution, etc. London
Name of publisher, distributor, etc. Cavendish
Date of publication, distribution, etc. 2003
300 ## - PHYSICAL DESCRIPTION
Extent xxxi, 207p.
Dimensions 22cm.
350 ## - PRICE (NR) (BK AM CF MU VM SE) [OBSOLETE]
Price 10
490 ## - SERIES STATEMENT
Series statement Cavendish Briefcase Series
520 ## - SUMMARY, ETC.
Summary, etc. Written primarily for students, this fourth edition text explains the essential principles of key cases within the area of land law and is fully updated to take into account the Land Registration Act 2002. Provides chapters on definition and extent of land and conveyancing formalities; unregistered land; registered land; trusts of land; informal acquisition of rights and interests; leases; easements and profits a prendre; freehold covenants; and mortgages. Tables of cases and statutues.
520 ## - SUMMARY, ETC.
Summary, etc. Supersedes 2nd edition (ISBN 1859412521)
521 2# - TARGET AUDIENCE NOTE
Target audience note Advanced
650 ## - SUBJECT ADDED ENTRY--TOPICAL TERM
Topical term or geographic name entry element LAND REGISTRATION ACT 1925
650 ## - SUBJECT ADDED ENTRY--TOPICAL TERM
Topical term or geographic name entry element LAND REGISTRATION ACT 2002
650 ## - SUBJECT ADDED ENTRY--TOPICAL TERM
Topical term or geographic name entry element LAND LAW
650 ## - SUBJECT ADDED ENTRY--TOPICAL TERM
Topical term or geographic name entry element REGISTERED LAND
651 #4 - SUBJECT ADDED ENTRY--GEOGRAPHIC NAME
Geographic name United Kingdom
Chronological subdivision
690 ## - LOCAL SUBJECT ADDED ENTRY--TOPICAL TERM (OCLC, RLIN)
Topical term or geographic name as entry element PROPERTY
942 ## - ADDED ENTRY ELEMENTS (KOHA)
Suppress in OPAC 0
Holdings
Withdrawn status Lost status Source of classification or shelving scheme Damaged status Not for loan Home library Current library Shelving location Date acquired Cost, normal purchase price Total Checkouts Full call number Barcode Date last seen Date last checked out Copy number Cost, replacement price Price effective from Koha item type
    Dewey Decimal Classification     London London Books 05/12/2003 12.00 7 346.41043 ROY 30068871 06/08/2019 23/10/2007 1 12.00 06/08/2019 Book